[Event "Ì11Ï"]
[Site "Loo"]
[Date "2017.04.26"]
[Round "7.40"]
[White "Ïîòàïîâ, Äìèòðèé."]
[Black "Î÷èðîâ, Áàòîð."]
[Result "0-1"]
[WhiteElo "1383"]
[BlackElo "1221"]
[PlyCount "134"]
[EventDate "2017.04.20"]

1. e4 c5 2. c3 e6 3. d4 d5 4. exd5 Qxd5 5. Nf3 Nc6 6. Be2 Nf6 7. O-O Be7 8. Re1
O-O 9. h3 Rd8 10. Be3 cxd4 11. cxd4 Bd7 12. Nc3 Qa5 13. Qb3 a6 14. Rac1 Qb4 15.
Qxb4 Nxb4 16. a3 Nbd5 17. Nxd5 Nxd5 18. Bd2 Rac8 19. Ne5 Bb5 20. Bxb5 axb5 21.
Ba5 Re8 22. Bd2 Rc7 23. Rxc7 Nxc7 24. Rc1 Nd5 25. Ng4 Rd8 26. Ne3 g6 27. Nxd5
Rxd5 28. Be3 Bf6 29. Rc7 e5 30. Rc5 Rxc5 31. dxc5 e4 32. b3 Kf8 33. Kf1 Ke7 34.
Ke2 Bb2 35. a4 bxa4 36. bxa4 Kd7 37. Kd2 Kc6 38. f3 f5 39. fxe4 fxe4 40. Ke2
Ba3 41. Bd2 Bxc5 42. g4 Kd5 43. h4 Kc4 44. Kf1 Kd3 45. Ba5 e3 46. Ke1 Bd4 47.
Kd1 Bc3 48. Bxc3 Kxc3 49. Ke2 Kd4 50. g5 b6 51. Ke1 Ke4 52. Ke2 Kf4 53. Ke1 Kg4
54. Ke2 Kxh4 55. Kxe3 Kxg5 56. Kf3 h5 57. Kg3 h4+ 58. Kh3 Kh5 59. Kg2 g5 60.
Kh3 g4+ 61. Kg2 h3+ 62. Kh2 Kh4 63. Kh1 g3 64. Kg1 h2+ 65. Kg2 Kg4 66. Kh1 Kh3
67. a5 g2# 0-1

[Event "Ì11Ï"]
[Site "Loo"]
[Date "2017.04.26"]
[Round "7.41"]
[White "Ðåçâûé, Äìèòðèé."]
[Black "Ìåðöàëîâ, Ñåì¸í."]
[Result "1-0"]
[WhiteElo "1360"]
[BlackElo "1215"]
[PlyCount "169"]
[EventDate "2017.04.20"]

1. c4 e5 2. Nc3 Nf6 3. e4 Bc5 4. g3 d6 5. h3 Nc6 6. Bg2 Be6 7. d3 h6 8. Nge2 a6
9. O-O Qd7 10. Kh2 Nh7 11. f4 f6 12. g4 g5 13. fxe5 fxe5 14. Ng3 O-O-O 15. Bd2
Rdf8 16. Nf5 Nf6 17. Bf3 Nd4 18. a3 h5 19. b4 Ba7 20. Kg2 hxg4 21. Bxg4 Bxf5
22. Bxf5 Nxf5 23. Rxf5 g4 24. b5 gxh3+ 25. Kh2 Rfg8 26. Rxf6 Rg2+ 27. Kh1 Rg1+
28. Qxg1 Bxg1 29. Rxg1 h2 30. Rg3 c6 31. b6 Qd8 32. Rgf3 Qg8 33. Be3 Qg2+ 34.
Kxg2 h1=Q+ 35. Kg3 Rg8+ 36. Bg5 Rxg5+ 37. Kf2 Qg1+ 38. Ke2 Rg2+ 39. Rf2 Rxf2+
40. Rxf2 Qc1 41. Nd1 c5 42. Ne3 Qb2+ 43. Kf1 Qxb6 44. Nd5 Qb3 45. Rf8+ Kd7 46.
Rf7+ Kd8 47. Rf8+ Kd7 48. Rf7+ Ke8 49. Re7+ Kf8 50. Ke2 Qb2+ 51. Ke3 Qd4+ 52.
Ke2 Qxd5 53. Re8+ Kxe8 54. exd5 Kf7 55. Kf3 Kf6 56. Ke4 Kg5 57. Ke3 Kg4 58. Ke4
a5 59. a4 Kg5 60. Ke3 Kf5 61. Kf3 b6 62. Ke3 Kg5 63. Kf3 Kh4 64. Ke4 Kg4 65.
Ke3 Kg3 66. Ke4 Kf2 67. Kf5 Ke3 68. Ke6 Kxd3 69. Kxd6 e4 70. Kc6 Kxc4 71. d6 e3
72. d7 e2 73. d8=Q e1=Q 74. Qd5+ Kb4 75. Kxb6 Kxa4 76. Qa2+ Kb4 77. Qxa5+ Kb3
78. Qxe1 c4 79. Qc1 c3 80. Kc5 c2 81. Kd4 Kb4 82. Qxc2 Ka3 83. Qb1 Ka4 84. Kc4
Ka5 85. Qb5# 1-0

[Event "Ì11Ï"]
[Site "Loo"]
[Date "2017.04.26"]
[Round "7.42"]
[White "Àááàñîâ, Àçèç."]
[Black "Çèìèí, Àðòóð."]
[Result "0-1"]
[WhiteElo "1471"]
[BlackElo "1255"]
[PlyCount "162"]
[EventDate "2017.04.20"]

1. e4 c5 2. Nf3 Nc6 3. d4 cxd4 4. Nxd4 e5 5. Nf3 Nf6 6. Nc3 Bb4 7. Bg5 h6 8.
Bxf6 Qxf6 9. a3 Bxc3+ 10. bxc3 d6 11. h3 O-O 12. Bd3 Be6 13. O-O Rac8 14. Qd2
Qe7 15. Rfd1 Qc7 16. Rab1 Rfd8 17. Nh2 Na5 18. c4 Nxc4 19. Bxc4 Bxc4 20. f4 b6
21. Kh1 Ba6 22. Rdc1 Qc3 23. Qd1 Bb7 24. Rb3 Qa5 25. Qe2 Rc3 26. Ra1 Rxb3 27.
cxb3 Qc3 28. Rb1 exf4 29. Qf3 Qxf3 30. gxf3 d5 31. Rd1 d4 32. Kg2 Ba6 33. Kf2
d3 34. Rd2 Rc8 35. Ke1 Rc3 36. Rb2 Rc2 37. Rxc2 dxc2 38. Kd2 Bd3 39. Ng4 f6 40.
Nf2 c1=Q+ 41. Kxc1 Be2 42. Kd2 Bxf3 43. Kd3 g5 44. b4 h5 45. Kd4 g4 46. hxg4
hxg4 47. e5 f5 48. e6 Kf8 49. Ke5 g3 50. Nh3 Be4 51. Kxf4 g2 52. Ke5 Ke7 53.
Ng1 Bc6 54. Kxf5 Bd5 55. Ke5 Bxe6 56. a4 a6 57. a5 b5 58. Nf3 Kd7 59. Ng1 Ke7
60. Nf3 Bc8 61. Ng1 Bb7 62. Nh3 Bf3 63. Ng1 Bg4 64. Kd5 Kd7 65. Kc5 Kc7 66. Kd5
Bc8 67. Ke5 Kc6 68. Nf3 Bg4 69. Ng1 Bd1 70. Nh3 Be2 71. Ng1 Bg4 72. Kd4 Kd6 73.
Ke4 Ke6 74. Kf4 Bf5 75. Nf3 Bb1 76. Kg3 Kd5 77. Kf2 Be4 78. Nd2 Ke5 79. Nb3 Bb7
80. Nc5 Bc8 81. Kxg2 Kd4 0-1

[Event "Ì11Ï"]
[Site "Loo"]
[Date "2017.04.26"]
[Round "7.43"]
[White "Ïðîæíÿêîâ, Âëàäèñëàâ."]
[Black "Øåðåìåòüåâ, Âëàäèñëàâ."]
[Result "0-1"]
[WhiteElo "1227"]
[BlackElo "1469"]
[PlyCount "58"]
[EventDate "2017.04.20"]

1. e4 e5 2. Nf3 Nc6 3. Bc4 Bc5 4. c3 Nf6 5. d3 d6 6. O-O O-O 7. Be3 Bb6 8. Bb3
h6 9. Nbd2 Re8 10. Nc4 d5 11. exd5 Nxd5 12. Bxb6 Nxb6 13. Nxb6 axb6 14. Re1 Bf5
15. Re3 Qd6 16. Qe2 Na5 17. Bc2 f6 18. Re1 Qd7 19. Bd1 c5 20. d4 cxd4 21. cxd4
e4 22. Nh4 Bh7 23. f3 Qxd4 24. Kh1 Rad8 25. fxe4 Rxe4 26. Nf3 Qxe3 27. Qxe3
Rxe3 28. Rxe3 Rxd1+ 29. Ng1 Rd2 0-1

[Event "Ì11Ï"]
[Site "Loo"]
[Date "2017.04.26"]
[Round "7.44"]
[White "Ïåòóõîâ, ßêîâ."]
[Black "Øåâåë¸â, Äàíèèë."]
[Result "0-1"]
[WhiteElo "1198"]
[BlackElo "1418"]
[PlyCount "98"]
[EventDate "2017.04.20"]

1. e4 c6 2. d4 d5 3. exd5 cxd5 4. c4 Nf6 5. Nc3 Nc6 6. cxd5 Nxd5 7. Bb5 a6 8.
Ba4 Bf5 9. Nge2 e6 10. O-O Be7 11. Nxd5 Qxd5 12. Bxc6+ Qxc6 13. Bf4 Bd6 14. Rc1
Qd7 15. Be5 O-O 16. Qb3 b5 17. Qg3 Bxe5 18. dxe5 Rfd8 19. Nf4 Qa7 20. Nh5 Bg6
21. Nf4 Rd2 22. Qc3 Qd7 23. h3 Rd4 24. Ne2 Rc4 25. Qf3 Rac8 26. Rfd1 Rxc1 27.
Nxc1 Qc7 28. Nb3 h6 29. Rc1 Qb8 30. Rxc8+ Qxc8 31. Qe3 Qc2 32. Qd2 Qb1+ 33. Nc1
Qc2 34. Nb3 Qxd2 35. Nxd2 Bc2 36. Kf1 Kh7 37. Ke2 Kg6 38. f4 f6 39. exf6 gxf6
40. Ke3 e5 41. fxe5 fxe5 42. Nf3 a5 43. Nh4+ Kf6 44. Nf3 b4 45. Nh2 Bf5 46. h4
h5 47. a3 bxa3 48. bxa3 Ke6 49. Nf3 Kd5 0-1

[Event "Ì11Ï"]
[Site "Loo"]
[Date "2017.04.26"]
[Round "7.45"]
[White "Êîðîëåâ, Àðòåì (Ñ-Ï)."]
[Black "Áëèíîâ, Èâàí."]
[Result "1-0"]
[WhiteElo "1403"]
[BlackElo "1259"]
[PlyCount "49"]
[EventDate "2017.04.20"]

1. c4 c6 2. g3 d5 3. b3 Nf6 4. Bb2 Bf5 5. d3 e6 6. Bg2 Nbd7 7. Nf3 Be7 8. O-O
O-O 9. Nh4 Bg6 10. Nxg6 fxg6 11. Nd2 Qb6 12. Nf3 dxc4 13. dxc4 Rad8 14. Qc2 Bc5
15. Bh3 Rde8 16. Ng5 e5 17. Be6+ Rxe6 18. Nxe6 Re8 19. Nxc5 Qxc5 20. Rad1 e4
21. Qc3 Re6 22. Rxd7 Qg5 23. Rd8+ Kf7 24. Qb4 h5 25. Qf8# 1-0

[Event "Ì11Ï"]
[Site "Loo"]
[Date "2017.04.26"]
[Round "7.46"]
[White "Ìèíüêî, Àëåêñàíäð."]
[Black "Áèñêóï, Ñòåïàí."]
[Result "0-1"]
[WhiteElo "1247"]
[BlackElo "1394"]
[PlyCount "46"]
[EventDate "2017.04.20"]

1. e4 c5 2. Nf3 e6 3. d4 cxd4 4. Nxd4 a6 5. a3 Qc7 6. Nc3 Nc6 7. Be3 Nf6 8. f3
Be7 9. Qd2 d6 10. g4 Nd7 11. h4 Nde5 12. O-O-O Rb8 13. g5 b5 14. Nb3 b4 15.
axb4 Nxb4 16. Bf4 Nxf3 17. Bxd6 Qb6 18. Qg2 Nxh4 19. Rxh4 Bxd6 20. Qd2 Bc5 21.
Rh3 e5 22. Nxc5 Na2+ 23. Nxa2 Qxb2# 0-1

[Event "Ì11Ï"]
[Site "Loo"]
[Date "2017.04.26"]
[Round "7.47"]
[White "Ãàñàíîâ, Ôóàä."]
[Black "Çàêèðîâ, Òèìóð."]
[Result "1/2-1/2"]
[WhiteElo "1390"]
[BlackElo "1253"]
[PlyCount "100"]
[EventDate "2017.04.20"]

1. d4 Nf6 2. Nf3 e6 3. Bg5 h6 4. Bh4 c5 5. c3 b6 6. e4 Be7 7. Nbd2 Bb7 8. Bd3
cxd4 9. Nxd4 O-O 10. O-O d6 11. f3 Nbd7 12. Qe2 e5 13. Nf5 Kh7 14. h3 g6 15.
Nxe7 Qxe7 16. Rf2 g5 17. Bg3 Nh5 18. Bh2 Nf4 19. Bxf4 gxf4 20. Kh1 Nf6 21. Rg1
Nh5 22. Nf1 Rg8 23. Bc4 Rg7 24. Bd5 Bxd5 25. exd5 Rag8 26. c4 Qh4 27. Kh2 Ng3
28. Qd3+ Kh8 29. b3 Rg5 30. b4 Rh5 31. c5 Nxf1+ 32. Qxf1 bxc5 33. bxc5 dxc5 34.
Rc2 Rgg5 35. Rxc5 Qg3+ 36. Kh1 Rh4 37. Rc2 Rgh5 38. d6 Rxh3+ 39. gxh3 Rxh3+ 40.
Qxh3 Qxh3+ 41. Rh2 Qxf3+ 42. Rhg2 Qh3+ 43. Rh2 Qf3+ 44. Rhg2 h5 45. Kh2 Qd5 46.
Rg8+ Kh7 47. R8g7+ Kh6 48. Rg8 Kh7 49. R1g7+ Kh6 50. Rg1 Kh7 1/2-1/2

[Event "Ì11Ï"]
[Site "Loo"]
[Date "2017.04.26"]
[Round "7.48"]
[White "Ìîøêîâ, Àëåêñàíäð."]
[Black "Ñîêîëîâ, Åãîð."]
[Result "1-0"]
[WhiteElo "1178"]
[BlackElo "1372"]
[PlyCount "63"]
[EventDate "2017.04.20"]

1. e4 e5 2. Nf3 Nc6 3. Bb5 a6 4. Ba4 d6 5. c3 Bd7 6. d3 Nge7 7. Nbd2 Ng6 8. Nf1
Be7 9. Ng3 O-O 10. O-O Qe8 11. Bc2 Nd8 12. Ne2 Bg4 13. Ng3 Nh4 14. d4 Bxf3 15.
gxf3 Qd7 16. Kh1 Qh3 17. Rg1 Ne6 18. Bd3 Ng5 19. Bxg5 Bxg5 20. Bf1 Qe6 21. Be2
Kh8 22. Qb3 Qh6 23. Qxb7 Rab8 24. Qxa6 Rxb2 25. Qd3 Rd2 26. Qc4 Bf4 27. a4 f5
28. a5 fxe4 29. fxe4 Bxg3 30. fxg3 Rf2 31. Rgf1 Rdxe2 32. Qxe2 1-0

[Event "Ì11Ï"]
[Site "Loo"]
[Date "2017.04.26"]
[Round "7.49"]
[White "Êóçíåöîâ, Àëåêñàíäð."]
[Black "Ñòàðöåâ, Ìàêñèì."]
[Result "1/2-1/2"]
[WhiteElo "1369"]
[BlackElo "1196"]
[PlyCount "44"]
[EventDate "2017.04.20"]

1. d4 f5 2. c4 e6 3. Nc3 Nf6 4. Bg5 c6 5. e3 d5 6. b3 Bb4 7. Qc2 Qa5 8. Bxf6
Bxc3+ 9. Kd1 Bxa1 10. Bxg7 Rg8 11. Be5 Qc3 12. Qe2 Bb2 13. Qh5+ Rg6 14. Ne2
Qd3+ 15. Ke1 Bc3+ 16. Nxc3 Qxc3+ 17. Ke2 Qc2+ 18. Ke1 Qc1+ 19. Ke2 Qc2+ 20. Ke1
Qc1+ 21. Ke2 Qc2+ 22. Ke1 Qc1+ 1/2-1/2

[Event "Ì11Ï"]
[Site "Loo"]
[Date "2017.04.26"]
[Round "7.50"]
[White "×óðêèí, Êîíñòàíòèí."]
[Black "ßøêàåâ, Àëåêñàíäð."]
[Result "1/2-1/2"]
[WhiteElo "1364"]
[BlackElo "1182"]
[PlyCount "106"]
[EventDate "2017.04.20"]

1. e4 e5 2. Nf3 Nc6 3. Bb5 a6 4. Ba4 Nf6 5. d4 exd4 6. e5 Ng4 7. Bf4 Bc5 8. O-O
O-O 9. h3 Nh6 10. Bxh6 gxh6 11. Nbd2 d6 12. exd6 cxd6 13. Nb3 b5 14. Nxc5 dxc5
15. Bb3 c4 16. Qd2 Qf6 17. Rfe1 Bb7 18. Re4 cxb3 19. Rg4+ Kh8 20. Rf4 Qd6 21.
Nh4 d3 22. Nf5 Qg6 23. Qc3+ f6 24. Nd6 Rab8 25. Nxb7 Qg5 26. Rg4 Qd5 27. Qc5
Qd7 28. Nd6 bxc2 29. Rg3 d2 30. Qxc2 Qxd6 31. Rd3 Qc7 32. Rxd2 Rbd8 33. Rxd8
Rxd8 34. Rc1 Rc8 35. Qf5 Qd8 36. Qe6 Qe8 37. Qxe8+ Rxe8 38. Rxc6 Re1+ 39. Kh2
Re2 40. Rxf6 Rxb2 41. Rxa6 Rxf2 42. Rb6 Rb2 43. a4 b4 44. a5 Ra2 45. Rxb4 Rxa5
46. Rb6 Kg7 47. h4 h5 48. Kh3 Ra4 49. Rb5 Kh6 50. Rb6+ Kg7 51. g3 h6 52. Rb5
Kg6 53. Rb2 Re4 1/2-1/2

[Event "Ì11Ï"]
[Site "Loo"]
[Date "2017.04.26"]
[Round "7.51"]
[White "Íèêèòèí, Àðòåì."]
[Black "Çîëîòûõ, Èâàí."]
[Result "1/2-1/2"]
[WhiteElo "1148"]
[BlackElo "1364"]
[PlyCount "90"]
[EventDate "2017.04.20"]

1. d4 d5 2. c4 c6 3. Nc3 Nf6 4. Nf3 Bf5 5. Bf4 e6 6. e3 Bb4 7. Bd3 Qa5 8. Qc2
Bxd3 9. Qxd3 Ne4 10. O-O Bxc3 11. bxc3 Qxc3 12. Qxc3 Nxc3 13. cxd5 cxd5 14. Kh1
Nc6 15. Bd6 O-O-O 16. Ba3 Ne4 17. Rab1 f6 18. h3 g5 19. Rfc1 Nxf2+ 20. Kg1 Ne4
21. Ne1 Rd7 22. Nd3 Ng3 23. Rb2 Ne4 24. Bc5 a6 25. Ba7 Ng3 26. Nc5 Re7 27. Nxb7
Rxb7 28. Rxc6+ Kd7 29. Rxb7+ Kxc6 30. Rb6+ Kd7 31. Rxa6 Ra8 32. Ra3 Ne4 33. Ra5
Kc6 34. g4 Kb7 35. Bb6 Rxa5 36. Bxa5 Ka6 37. Be1 Kb5 38. a3 e5 39. dxe5 fxe5
40. Kg2 Kc4 41. a4 Nc5 42. a5 Na6 43. Kf2 Nb8 44. Bd2 h6 45. Ke2 Nc6 1/2-1/2

[Event "Ì11Ï"]
[Site "Loo"]
[Date "2017.04.26"]
[Round "7.52"]
[White "Êàðòàëÿí, Ãàñïàð."]
[Black "Õîòåíêî, Äàíèèë."]
[Result "0-1"]
[WhiteElo "1135"]
[BlackElo "1351"]
[PlyCount "112"]
[EventDate "2017.04.20"]

1. e4 e5 2. Nf3 Nc6 3. Bc4 Bc5 4. c3 Nf6 5. d4 exd4 6. O-O Nxe4 7. cxd4 d5 8.
Bb5 Bd6 9. Qe2 O-O 10. Qc2 Qf6 11. Be3 Bf5 12. Qc1 a6 13. Bxc6 bxc6 14. Ng5
Nxg5 15. Bxg5 Qxd4 16. Qxc6 Qxb2 17. Nc3 h6 18. Be3 Bd3 19. Rfd1 Bc2 20. Rdc1
Be5 21. Bd2 d4 22. Nd5 Bd3 23. Bb4 Bb5 24. Qc5 Bd6 25. Ne7+ Kh8 26. Rcb1 Qxa1
27. Rxa1 Bxc5 28. Bxc5 d3 29. Bb4 Rad8 30. Bd2 Rfe8 31. Re1 Rd7 32. Ng6+ fxg6
33. Rxe8+ Kh7 34. Re4 Kg8 35. a4 Bc6 36. Re6 Rd6 37. Re3 Bxa4 38. Re7 Rc6 39.
Rd7 Rc1+ 40. Bxc1 Bxd7 41. Kf1 Kf7 42. Ke1 Bb5 43. h4 c5 44. g4 c4 45. Kd2 g5
46. hxg5 hxg5 47. Kc3 a5 48. Bxg5 Kg6 49. Be3 a4 50. Kb4 a3 51. Kxa3 c3 52. Kb3
d2 53. Kc2 Ba4+ 54. Kb1 d1=Q+ 55. Ka2 Qb3+ 56. Ka1 Qb2# 0-1

[Event "Ì11Ï"]
[Site "Loo"]
[Date "2017.04.26"]
[Round "7.53"]
[White "Ñòàðîáûêèí, Ôåäîð."]
[Black "Íåôåäîâ, Èëüÿ."]
[Result "1/2-1/2"]
[WhiteElo "1350"]
[BlackElo "1179"]
[PlyCount "93"]
[EventDate "2017.04.20"]

1. e4 e6 2. d4 d5 3. Nc3 dxe4 4. Nxe4 Nd7 5. Nf3 Ngf6 6. Bg5 Be7 7. Nxf6+ Nxf6
8. Bd3 c6 9. c3 Qb6 10. Qc2 Qc7 11. Ne5 Bd6 12. Bxf6 gxf6 13. Ng4 Be7 14. O-O-O
h5 15. Ne3 a5 16. Rhe1 a4 17. Rd2 b5 18. Rde2 b4 19. Nf5 b3 20. Qb1 a3 21. Nxe7
bxa2 22. Qxa2 axb2+ 23. Qxb2 Qxe7 24. Be4 Bd7 25. d5 O-O 26. dxe6 Bxe6 27. Bxc6
Rfb8 28. Bxa8 Rxb2 29. Rxb2 Qc7 30. Re3 Qxh2 31. Rg3+ Bg4 32. Rd2 Qg1+ 33. Kc2
Qa1 34. Rd8+ Kg7 35. Re3 Qa4+ 36. Kb2 Qb5+ 37. Kc2 Qf5+ 38. Kb3 Qb5+ 39. Kc2
Bf5+ 40. Kd2 Qb2+ 41. Ke1 Qa1+ 42. Kd2 Qa2+ 43. Ke1 Qb1+ 44. Rd1 Qb8 45. Bf3
Kh6 46. Ke2 Qb5+ 47. Ke1 1/2-1/2

[Event "Ì11Ï"]
[Site "Loo"]
[Date "2017.04.26"]
[Round "7.54"]
[White "Ñåðàæèì, Àëåêñàíäð."]
[Black "Ëåâ÷åíêî, Ëåîíèä."]
[Result "0-1"]
[WhiteElo "1109"]
[BlackElo "1343"]
[PlyCount "66"]
[EventDate "2017.04.20"]

1. e4 c5 2. c3 e6 3. d4 d5 4. exd5 exd5 5. Nf3 Nc6 6. Bb5 Bd6 7. dxc5 Bxc5 8.
Qe2+ Nge7 9. Be3 Bxe3 10. Qxe3 O-O 11. O-O Bg4 12. h3 Bxf3 13. Qxf3 Qb6 14.
Bxc6 Nxc6 15. b3 d4 16. cxd4 Nxd4 17. Qd3 Rac8 18. Na3 Rfd8 19. Nc4 Qb4 20.
Rab1 b5 21. a3 bxc4 22. Qxd4 Rxd4 23. axb4 c3 24. Rfc1 c2 25. Ra1 Rd2 26. Kf1
Re8 27. g3 h6 28. f3 Re3 29. f4 Rf3+ 30. Ke1 Rff2 31. Rxc2 Rxc2 32. Rb1 Rh2 33.
Kf1 Rh1# 0-1

[Event "Ì11Ï"]
[Site "Loo"]
[Date "2017.04.26"]
[Round "7.55"]
[White "Êîëûáèí, Ñåðãåé."]
[Black "Óðóñîâ, Ãåðìàí."]
[Result "0-1"]
[WhiteElo "1015"]
[BlackElo "1339"]
[PlyCount "62"]
[EventDate "2017.04.20"]

1. e4 c5 2. Nf3 e6 3. d4 cxd4 4. Nxd4 a6 5. Nc3 Qc7 6. Bd3 Nf6 7. O-O Be7 8. f4
d6 9. b3 Qxc3 10. Be3 Nxe4 11. Re1 Nc5 12. Ne2 Qa5 13. a3 Nxd3 14. Qxd3 Nc6 15.
b4 Qc7 16. Ng3 Bh4 17. Qc3 Bf6 18. Qd3 Bxa1 19. Rxa1 b5 20. Re1 e5 21. fxe5
Nxe5 22. Ne4 Nxd3 23. cxd3 O-O 24. Bd4 Bf5 25. Nf2 Rfe8 26. Rf1 Qc2 27. Rd1 Re2
28. Rf1 Bxd3 29. Nxd3 Rxg2+ 30. Kh1 Rxh2+ 31. Kg1 Qg2# 0-1

[Event "Ì11Ï"]
[Site "Loo"]
[Date "2017.04.26"]
[Round "7.56"]
[White "Àáåëîâ, Åãîð."]
[Black "Êîðîëåâ, Íèêîëàé."]
[Result "1-0"]
[WhiteElo "1324"]
[BlackElo "1169"]
[PlyCount "88"]
[EventDate "2017.04.20"]

1. e4 c6 2. d4 d5 3. e5 Bf5 4. Bd3 Bxd3 5. Qxd3 e6 6. Nf3 h6 7. O-O c5 8. c3
Nc6 9. Be3 cxd4 10. cxd4 Qb6 11. Nc3 Nge7 12. Na4 Qc7 13. Nc5 Nf5 14. Rac1 Be7
15. Qb5 Bxc5 16. Rxc5 O-O 17. Rfc1 Rac8 18. b4 a6 19. Qa4 Qb6 20. b5 Nce7 21.
bxa6 Qxa6 22. Qxa6 bxa6 23. Rc7 Rxc7 24. Rxc7 Rb8 25. g4 Nxe3 26. fxe3 Ng6 27.
Rc2 Rb1+ 28. Kf2 Kf8 29. Ke2 Ke7 30. Kd3 Kd7 31. Nd2 Rh1 32. Nb3 Rg1 33. Nc5+
Kd8 34. Nxa6 Rxg4 35. a4 Rg1 36. Ra2 Rb1 37. Nc5 Rb8 38. a5 Ra8 39. a6 Kc8 40.
Rb2 Ra7 41. Kc3 Nf8 42. Kb4 Nd7 43. Ka5 Nxc5 44. dxc5 Kc7 1-0

[Event "Ì11Ï"]
[Site "Loo"]
[Date "2017.04.26"]
[Round "7.57"]
[White "Ñìîëêîâ, Ï¸òð."]
[Black "Íèêîëàåâ, Àðòåìèé."]
[Result "1-0"]
[WhiteElo "1096"]
[BlackElo "1324"]
[PlyCount "123"]
[EventDate "2017.04.20"]

1. e4 c5 2. Nf3 Nc6 3. d4 cxd4 4. Nxd4 g6 5. Nc3 Bg7 6. Be3 Nf6 7. f3 h5 8. Qd2
d6 9. O-O-O Bd7 10. Be2 Rc8 11. Rdg1 Ne5 12. h3 Nc4 13. Bxc4 Rxc4 14. g4 Qc8
15. gxh5 Nxh5 16. h4 a5 17. Ndb5 Bxb5 18. Nxb5 Bxb2+ 19. Kxb2 Rb4+ 20. Ka1 Rxb5
21. Rb1 Qc6 22. Rxb5 Qxb5 23. Rb1 Qa6 24. Qd3 O-O 25. Qxa6 bxa6 26. Rb7 f5 27.
Rxe7 f4 28. Bb6 Rf7 29. Re6 Rf6 30. Rxf6 Nxf6 31. Bxa5 Kh7 32. Kb2 Kh6 33. Bd2
g5 34. Kc3 Nh5 35. hxg5+ Kxg5 36. Kd3 Kf6 37. Be1 Ke5 38. c4 Ng3 39. Bxg3 fxg3
40. Ke3 a5 41. f4+ Ke6 42. Kf3 Ke7 43. Kxg3 Kf7 44. Kf3 Ke6 45. Ke3 Kf6 46. Kd4
Ke7 47. Kd5 Kd7 48. c5 dxc5 49. Kxc5 Ke7 50. a4 Kf7 51. Kb5 Ke7 52. Kxa5 Kd7
53. Kb6 Kc8 54. a5 Kb8 55. f5 Kc8 56. a6 Kd7 57. a7 Ke7 58. a8=Q Kf6 59. e5+
Ke7 60. Qb7+ Kf8 61. f6 Ke8 62. Qe7# 1-0

[Event "Ì11Ï"]
[Site "Loo"]
[Date "2017.04.26"]
[Round "7.58"]
[White "Ñèìàêîâ, Âàäèì."]
[Black "Ñàáèðîâ, Ìàðñåëü."]
[Result "0-1"]
[WhiteElo "1296"]
[BlackElo "1138"]
[PlyCount "88"]
[EventDate "2017.04.20"]

1. e4 e5 2. Nf3 Nc6 3. Bb5 Nge7 4. d4 exd4 5. Bg5 f6 6. Bf4 Ng6 7. Bg3 Bc5 8.
O-O O-O 9. Nbd2 a6 10. Ba4 b5 11. Bb3+ Kh8 12. Bd5 Bb7 13. Nb3 Bb6 14. Nbxd4
Nxd4 15. Nxd4 c6 16. Bb3 c5 17. Bd6 Re8 18. Bf7 cxd4 19. Bxe8 Qxe8 20. f3 Qe6
21. Bg3 Rc8 22. Kh1 Qc4 23. Rc1 Qxa2 24. b3 Qa3 25. c3 dxc3 26. Qxd7 Qe7 27.
Qd3 b4 28. Rfd1 Rd8 29. Qc4 Be3 30. Rxd8+ Qxd8 31. Rf1 a5 32. Qe2 Bd2 33. Qc4
Qa8 34. Qc7 Qc8 35. Qd6 Ba6 36. Rg1 Be3 37. Rd1 h6 38. Bf4 Bxf4 39. Qb6 Kh7 40.
Rd8 Qb7 41. Qe6 h5 42. h4 c2 43. Rc8 Qxc8 44. Qg8+ Kxg8 0-1

[Event "Ì11Ï"]
[Site "Loo"]
[Date "2017.04.26"]
[Round "7.62"]
[White "Íàäâèäîâ, Ýëüâåê."]
[Black "×åðíÿåâ, Äàíèë."]
[Result "0-1"]
[WhiteElo "1285"]
[BlackElo "1108"]
[PlyCount "130"]
[EventDate "2017.04.20"]

1. e4 c6 2. d4 d5 3. e5 Bf5 4. Nf3 e6 5. c4 Ne7 6. Nc3 Nd7 7. Be2 dxc4 8. Bxc4
Nb6 9. Bb3 Ned5 10. Nxd5 Nxd5 11. O-O Be7 12. Bxd5 cxd5 13. Be3 O-O 14. Rc1 Qb6
15. Qe2 Rac8 16. h3 h6 17. a3 Bg6 18. b4 a5 19. bxa5 Qxa5 20. Ra1 Rc2 21. Qd1
Rfc8 22. Bd2 Qa6 23. Bb4 Bxb4 24. axb4 Ra2 25. Rc1 Rxc1 26. Qxc1 Rc2 27. Qe3
Qc4 28. Nh4 Rc3 29. Qf4 Bd3 30. Ra1 Qc8 31. Qd2 Ba6 32. Rb1 Qc4 33. b5 Bxb5 34.
Rxb5 Rd3 35. Qb2 Rxd4 36. g3 Rd1+ 37. Kg2 Qf1+ 38. Kf3 Qh1+ 39. Kg4 Qe4+ 40. f4
g5 41. Rb4 d4 42. Qf2 gxh4 43. Kxh4 Rd3 44. Kg4 Kg7 45. Qg1 Kg6 46. Kh4 Qf3 47.
f5+ exf5 48. Rb6+ Kg7 49. e6 Qe4+ 50. g4 fxe6 51. Qh2 Qe3 52. Rxb7+ Kf6 53.
Rf7+ Kxf7 54. Qc7+ Kg6 55. gxf5+ Kf6 56. Qd8+ Kxf5 57. Qf8+ Ke5 58. Qg7+ Kd5
59. Qd7+ Kc4 60. Qc6+ Kb3 61. Qb5+ Kc2 62. Qc4+ Kd2 63. Qa2+ Ke1 64. Qb1+ Rd1
65. Qb4+ Qd2 0-1

[Event "Ì11Ï"]
[Site "Loo"]
[Date "2017.04.26"]
[Round "7.63"]
[White "Ïàøèíèí, Ìàêñèì."]
[Black "Øàëèìîâ, Âëàäèìèð."]
[Result "1/2-1/2"]
[WhiteElo "1273"]
[BlackElo "1087"]
[PlyCount "73"]
[EventDate "2017.04.20"]

1. e4 e5 2. Nf3 Nc6 3. Bb5 a6 4. Ba4 Nf6 5. O-O b5 6. Bb3 Be7 7. Re1 d6 8. h3
O-O 9. c3 Na5 10. Bc2 c5 11. d4 Qc7 12. Nbd2 Bb7 13. d5 Bc8 14. Nf1 Bd7 15. Ng3
Nb7 16. a3 c4 17. Be3 Nc5 18. Rc1 Bc8 19. Bxc5 Qxc5 20. a4 Bd7 21. Re2 Qc7 22.
Ra1 Qb6 23. Ra3 Rab8 24. axb5 axb5 25. Qa1 Qb7 26. Re1 Ra8 27. Kh2 Rfc8 28. Rf1
h6 29. Qa2 Rxa3 30. Qxa3 Ra8 31. Qb4 Be8 32. Nd2 Qc7 33. Nf5 Nh5 34. g3 Bg5 35.
Nf3 Be7 36. Nxe5 Nf6 37. Nf3 {çàïèñü íåðàçáîð~~èâà} 1/2-1/2

[Event "Ì11Ï"]
[Site "Loo"]
[Date "2017.04.26"]
[Round "7.66"]
[White "Ãîëîâà÷åâ, Ëåîíèä."]
[Black "Ãðèãîðÿí, Ðîìàí."]
[Result "1-0"]
[WhiteElo "1587"]
[BlackElo "1187"]
[PlyCount "53"]
[EventDate "2017.04.20"]

1. e4 d5 2. Nc3 d4 3. Nce2 Nc6 4. Ng3 e5 5. Bc4 Bc5 6. Nf3 Bg4 7. O-O Nf6 8. d3
h6 9. h3 Bxf3 10. Qxf3 O-O 11. Nf5 Ne7 12. Bd2 Nxf5 13. Qxf5 Qc8 14. Qxe5 Bb6
15. Qg3 Nh5 16. Qg6 Qd7 17. Qxh5 Rae8 18. Qg4 Qd6 19. Bf4 Qf6 20. Rfe1 Ba5 21.
Re2 Kh8 22. e5 Qg6 23. Qxg6 fxg6 24. Bg3 Rd8 25. Rb1 Rfe8 26. Bf7 Rf8 27. e6
1-0

[Event "Ì11Ï"]
[Site "Loo"]
[Date "2017.04.26"]
[Round "7.67"]
[White "Êîñòèêîâ, Ìèõàèë."]
[Black "Ãåîðãèåâ, Àëåêñåé."]
[Result "1-0"]
[WhiteElo "1403"]
[BlackElo "1160"]
[PlyCount "83"]
[EventDate "2017.04.20"]

1. e4 d5 2. exd5 Qxd5 3. Nc3 Qa5 4. d4 Nf6 5. Nf3 Bg4 6. h3 Bxf3 7. Qxf3 c6 8.
Bd2 Qc7 9. O-O-O e6 10. Bc4 Be7 11. Rhe1 O-O 12. g4 Nfd7 13. Rh1 Nb6 14. Bd3
N8d7 15. h4 Nd5 16. Nxd5 cxd5 17. g5 a6 18. Qh5 g6 19. Qg4 b5 20. h5 b4 21.
hxg6 fxg6 22. Qxe6+ Rf7 23. Rh6 Raf8 24. Rdh1 Bf6 25. gxf6 Nxf6 26. Bxg6 Kg7
27. Bxf7 Qxf7 28. Rg1+ Kh8 29. Qf5 Qe7 30. Rgh1 Qg7 31. Bg5 Nh5 32. Qg4 Nf6 33.
Qh4 Kg8 34. Bxf6 Qg2 35. Re1 Rf7 36. Re8+ Rf8 37. Rxf8+ Kxf8 38. Be7+ Kg8 39.
Rxh7 Qf1+ 40. Kd2 Qg2 41. Rh8+ Kf7 42. Qf6# 1-0

[Event "Ì11Ï"]
[Site "Loo"]
[Date "2017.04.26"]
[Round "7.68"]
[White "Ïóãà÷, Ãëåá."]
[Black "Ìàðäîÿí, Òèãðàí."]
[Result "1/2-1/2"]
[WhiteElo "1403"]
[BlackElo "1159"]
[PlyCount "105"]
[EventDate "2017.04.20"]

1. e4 e5 2. Nf3 Nc6 3. Bb5 a6 4. Ba4 d6 5. O-O Nf6 6. Re1 Be7 7. d4 exd4 8.
Nxd4 Bd7 9. Bxc6 bxc6 10. Bf4 c5 11. Nb3 O-O 12. e5 dxe5 13. Bxe5 Rb8 14. Qd3
Qc8 15. Bxc7 Qxc7 16. Rxe7 c4 17. Qd2 cxb3 18. axb3 Rb6 19. Nc3 Rd6 20. Qe2 Qc6
21. Ne4 Nxe4 22. Qxe4 Qxe4 23. Rxe4 Rd2 24. Rc4 Bf5 25. Rc1 Rfd8 26. g4 Bg6 27.
f4 f6 28. f5 Bf7 29. Rc6 Rd1+ 30. Rxd1 Rxd1+ 31. Kf2 Bd5 32. Rc8+ Kf7 33. Rc7+
Kf8 34. c4 Be4 35. Ke3 Re1+ 36. Kd4 Bf3 37. h3 Re2 38. Rc8+ Kf7 39. Rc7+ Kf8
40. Rc8+ Kf7 41. Rc7+ Kf8 42. c5 Rxb2 43. Kc4 Rc2+ 44. Kd3 Rc1 45. Kd2 Rh1 46.
Rc8+ Kf7 47. Rc7+ Kf8 48. Rc8+ Ke7 49. Rc7+ Ke8 50. Rxg7 Rxh3 51. b4 Rh1 52.
Ke3 Rh3 53. Kd4 1/2-1/2

[Event "Ì11Ï"]
[Site "Loo"]
[Date "2017.04.26"]
[Round "7.69"]
[White "Êóõòèí, Âëàäèñëàâ."]
[Black "Èâàíàåâ, Âëàäèñëàâ."]
[Result "1/2-1/2"]
[WhiteElo "1392"]
[BlackElo "1114"]
[PlyCount "114"]
[EventDate "2017.04.20"]

1. e4 e5 2. Nf3 Nc6 3. Bb5 a6 4. Ba4 Nf6 5. d3 Be7 6. O-O b5 7. Bb3 d6 8. Re1
Be6 9. c3 O-O 10. d4 exd4 11. cxd4 d5 12. e5 Ne4 13. Nbd2 f5 14. exf6 Nxd2 15.
fxe7 Nxf3+ 16. Qxf3 Qxe7 17. Qe3 Rf6 18. Qc3 Qd6 19. Bd2 b4 20. Qc5 Qxc5 21.
dxc5 Raf8 22. f3 a5 23. Rxe6 Rxe6 24. Bxd5 Rfe8 25. Bxe6+ Rxe6 26. Re1 Rxe1+
27. Bxe1 Kf7 28. Bg3 Ke6 29. Bxc7 a4 30. Kf2 Kd5 31. Bd6 Kd4 32. Ke2 g6 33. Kd2
h5 34. h4 Na7 35. a3 b3 36. g4 Nc6 37. gxh5 gxh5 38. f4 Ke4 39. Kc3 Kf5 40. Kc4
Kg4 41. Kb5 Nd4+ 42. Kxa4 Kxh4 43. Be7+ Kg4 44. Kb4 Nc6+ 45. Kc3 Nxe7 46. Kd2
Kf3 47. a4 h4 48. a5 Kxf4 49. a6 Nc6 50. Ke2 Kg3 51. Kf1 Kh2 52. Kf2 h3 53. Kf1
Kh1 54. Kf2 h2 55. Kf1 Na7 56. Kf2 Nc6 57. Kf1 Na7 1/2-1/2